Ground water in Santa Clara valley, California, (Record no. 26354)
[ view plain ]
| 000 -LEADER | |
|---|---|
| fixed length control field | 01083cam a22002411 4500 |
| 001 - CONTROL NUMBER | |
| control field | gs 25000005 |
| 003 - CONTROL NUMBER IDENTIFIER | |
| control field | DLC |
| 005 - DATE AND TIME OF LATEST TRANSACTION | |
| control field | 20260227111329.0 |
| 008 - FIXED-LENGTH DATA ELEMENTS--GENERAL INFORMATION | |
| fixed length control field | 840928s1924 dcuabf b f000 0 eng c |
| 010 ## - LIBRARY OF CONGRESS CONTROL NUMBER | |
| LC control number | gs 25000005 |
| 035 ## - SYSTEM CONTROL NUMBER | |
| System control number | (OCoLC)11209414 |
| 040 ## - CATALOGING SOURCE | |
| Original cataloging agency | U.S. Geol. survey. Library |
| Transcribing agency | CLS |
| Modifying agency | OCoLC |
| -- | DLC |
| -- | WaU |
| -- | DLC |
| 050 00 - LIBRARY OF CONGRESS CALL NUMBER | |
| Classification number | TC801 |
| Item number | .U2 no. 519 |
| 100 1# - MAIN ENTRY--PERSONAL NAME | |
| Personal name | Clark, William O. |
| Fuller form of name | (William Otterbein), |
| Dates associated with a name | 1874-1952. |
| 245 10 - TITLE STATEMENT | |
| Title | Ground water in Santa Clara valley, California, |
| Statement of responsibility, etc. | by William O. Clark. Prepared in cooperation with the Department of engineering of the state of California. |
| 260 ## - PUBLICATION, DISTRIBUTION, ETC. | |
| Place of publication, distribution, etc. | Washington, |
| Name of publisher, distributor, etc. | U.S. Govt. Print. Off., |
| Date of publication, distribution, etc. | 1924. |
| 300 ## - PHYSICAL DESCRIPTION | |
| Extent | vii, 209 p. |
| Other physical details | illus., XIX pl. (part fold., incl. maps, profiles, diagrs.) tables. |
| Dimensions | 24 cm. |
| 490 0# - SERIES STATEMENT | |
| Series statement | U.S. Geological survey. Water-supply paper |
| Volume/sequential designation | 519 |
| 500 ## - GENERAL NOTE | |
| General note | At head of title: Department of the interior. |
| 504 ## - BIBLIOGRAPHY, ETC. NOTE | |
| Bibliography, etc. note | Bibliographical references. |
| 650 #0 - SUBJECT ADDED ENTRY--TOPICAL TERM | |
| Topical term or geographic name entry element | Water-supply |
| Geographic subdivision | California |
| -- | Santa Clara Valley (Santa Clara County) |
| 650 #0 - SUBJECT ADDED ENTRY--TOPICAL TERM | |
| Topical term or geographic name entry element | Groundwater |
| Geographic subdivision | California |
| -- | Santa Clara Valley (Santa Clara County) |
No items available.